[Event "Turniej Przyjazni Polsko-Wegierskiej"]
[Site "Katowice"]
[Date "2018.05.05"]
[Round "7.15"]
[White "Majdan, Joanna"]
[Black "Acs, Gabor"]
[Result "0-1"]
[BlackElo "2012"]
[WhiteElo "2260"]
[LiveChessVersion "1.4.8"]

1. e4 {[%clk 0:15:18]} e5 {[%clk 0:15:19]} 2. Nf3 {[%clk 0:15:27]} Nc6
{[%clk 0:15:27]} 3. Bb5 {[%clk 0:15:35]} a6 {[%clk 0:15:36]} 4. Ba4
{[%clk 0:15:45]} d6 {[%clk 0:15:44]} 5. c3 {[%clk 0:15:52]} Bd7 {[%clk 0:15:52]}
6. d4 {[%clk 0:15:54]} g6 {[%clk 0:15:58]} 7. Bg5 {[%clk 0:15:52]} Be7
{[%clk 0:15:56]} 8. Be3 {[%clk 0:15:47]} Nf6 {[%clk 0:15:21]} 9. d5
{[%clk 0:15:36]} Nb8 {[%clk 0:15:29]} 10. Bc2 {[%clk 0:15:43]} Ng4
{[%clk 0:15:14]} 11. Bc1 {[%clk 0:15:47]} f5 {[%clk 0:14:58]} 12. h3
{[%clk 0:14:41]} Nf6 {[%clk 0:14:49]} 13. exf5 {[%clk 0:13:23]} Bxf5
{[%clk 0:14:57]} 14. Bxf5 {[%clk 0:13:20]} gxf5 {[%clk 0:15:05]} 15. Ng5
{[%clk 0:13:24]} Qd7 {[%clk 0:13:59]} 16. Ne6 {[%clk 0:13:24]} c6
{[%clk 0:13:37]} 17. c4 {[%clk 0:13:32]} cxd5 {[%clk 0:13:45]} 18. cxd5
{[%clk 0:13:41]} Rg8 {[%clk 0:13:01]} 19. Qf3 {[%clk 0:12:30]} Nc6
{[%clk 0:11:38]} 20. Nc3 {[%clk 0:12:00]} Nd8 {[%clk 0:09:16]} 21. Qxf5
{[%clk 0:11:47]} Nxe6 {[%clk 0:09:24]} 22. dxe6 {[%clk 0:11:46]} Qc6
{[%clk 0:09:32]} 23. Be3 {[%clk 0:09:03]} Qxg2 {[%clk 0:09:39]} 24. O-O-O
{[%clk 0:09:01]} Qg6 {[%clk 0:09:48]} 25. Qf3 {[%clk 0:08:50]} Qg2
{[%clk 0:07:55]} 26. Qe2 {[%clk 0:07:49]} Qc6 {[%clk 0:07:48]} 27. Kb1
{[%clk 0:07:31]} d5 {[%clk 0:06:44]} 28. Nxd5 {[%clk 0:06:23]} Nxd5
{[%clk 0:06:34]} 29. Qh5+ {[%clk 0:06:32]} Rg6 {[%clk 0:05:33]} 30. Qxh7
{[%clk 0:06:40]} Qxe6 {[%clk 0:05:35]} 31. Rxd5 {[%clk 0:06:45]} Qf5+
{[%clk 0:05:39]} 32. Kc1 {[%clk 0:06:49]} Rc6+ {[%clk 0:05:33]} 0-1

[Event "Turniej Przyjazni Polsko-Wegierskiej"]
[Site "Katowice"]
[Date "2018.05.05"]
[Round "7.16"]
[White "Gumula, Daniel"]
[Black "Marczak, Szymon"]
[Result "1/2-1/2"]
[BlackElo "1687"]
[WhiteElo "2207"]
[LiveChessVersion "1.4.8"]

1. d4 {[%clk 0:15:19]} d5 {[%clk 0:15:19]} 2. Nc3 {[%clk 0:15:28]} Bf5
{[%clk 0:15:21]} 3. f3 {[%clk 0:15:24]} Nf6 {[%clk 0:14:56]} 4. g4
{[%clk 0:15:26]} Bg6 {[%clk 0:14:51]} 5. h4 {[%clk 0:15:17]} h6 {[%clk 0:14:20]}
6. Nh3 {[%clk 0:14:26]} e6 {[%clk 0:12:02]} 7. Nf4 {[%clk 0:10:43]} Bd6
{[%clk 0:10:34]} 8. Rh3 {[%clk 0:10:01]} Bh7 {[%clk 0:08:10]} 9. Nd3
{[%clk 0:06:42]} c6 {[%clk 0:05:56]} 10. e3 {[%clk 0:04:25]} Qc7 {[%clk 0:03:48]}
11. g5 {[%clk 0:03:43]} Ng8 {[%clk 0:02:52]} 12. e4 {[%clk 0:02:45]} dxe4
{[%clk 0:02:12]} 13. fxe4 {[%clk 0:02:46]} Bg6 {[%clk 0:01:31]} 14. h5
{[%clk 0:02:30]} Bh7 {[%clk 0:01:16]} 15. g6 {[%clk 0:01:30]} fxg6
{[%clk 0:01:19]} 16. hxg6 {[%clk 0:00:54]} Bxg6 {[%clk 0:01:29]} 17. Qg4
{[%clk 0:01:02]} Qf7 {[%clk 0:00:54]} 18. Rf3 Nf6 19. Qh4 {[%clk 0:00:26]} Bh5
{[%clk 0:01:03]} 20. Rf2 {[%clk 0:00:19]} g5 {[%clk 0:01:10]} 21. Bxg5
{[%clk 0:00:13]} hxg5 22. Qxg5 Rg8 {[%clk 0:00:58]} 23. Qxf6 {[%clk 0:00:26]} Bg3
{[%clk 0:00:55]} 24. Qxf7+ {[%clk 0:00:26]} Bxf7 {[%clk 0:01:03]} 25. Bh3
{[%clk 0:00:26]} Bxf2+ {[%clk 0:01:07]} 26. Kxf2 {[%clk 0:00:30]} Nd7
{[%clk 0:01:16]} 27. e5 {[%clk 0:00:13]} Ke7 {[%clk 0:01:21]} 28. Ne4
{[%clk 0:00:14]} Raf8 {[%clk 0:01:26]} 29. Ke3 {[%clk 0:00:23]} Bg6
{[%clk 0:01:35]} 30. Rh1 {[%clk 0:00:12]} Nb6 {[%clk 0:01:43]} 31. Nf6
{[%clk 0:00:17]} Nd5+ {[%clk 0:01:50]} 32. Nxd5+ {[%clk 0:00:23]} exd5
{[%clk 0:01:40]} 33. Nf4 {[%clk 0:00:19]} Be4 {[%clk 0:01:46]} 34. Rf1
{[%clk 0:00:25]} Rg3+ {[%clk 0:01:53]} 35. Ke2 {[%clk 0:00:34]} Bxc2
{[%clk 0:01:48]} 36. Rf2 {[%clk 0:00:27]} Be4 {[%clk 0:01:49]} 37. Bf1
{[%clk 0:00:20]} Rg4 {[%clk 0:01:48]} 38. Nh3 {[%clk 0:00:28]} Rxf2+
{[%clk 0:01:28]} 39. Nxf2 {[%clk 0:00:36]} Rh4 {[%clk 0:01:33]} 40. Ke3
{[%clk 0:00:42]} Bf5 {[%clk 0:01:35]} 41. Be2 {[%clk 0:00:43]} b6
{[%clk 0:01:38]} 42. Bf3 {[%clk 0:00:51]} Ke6 {[%clk 0:01:41]} 43. b4
{[%clk 0:00:52]} a5 {[%clk 0:01:49]} 44. a3 {[%clk 0:01:01]} axb4
{[%clk 0:01:55]} 45. axb4 {[%clk 0:01:09]} Rh8 {[%clk 0:01:53]} 46. Nd1
{[%clk 0:01:02]} Ra8 {[%clk 0:01:50]} 47. Nc3 {[%clk 0:01:11]} Ra3
{[%clk 0:01:51]} 48. Kd2 {[%clk 0:01:21]} Rb3 {[%clk 0:01:57]} 49. b5
{[%clk 0:01:29]} Rb2+ {[%clk 0:01:58]} 50. Ke3 {[%clk 0:01:03]} Rc2
{[%clk 0:02:07]} 51. Na4 {[%clk 0:01:12]} cxb5 {[%clk 0:02:12]} 52. Nxb6
{[%clk 0:01:22]} Rc3+ {[%clk 0:01:55]} 53. Kf4 {[%clk 0:01:19]} Rxf3+ 1/2-1/2

[Event "Turniej Przyjazni Polsko-Wegierskiej"]
[Site "Katowice"]
[Date "2018.05.05"]
[Round "7.17"]
[White "Klepek, Witold"]
[Black "Krasenkow, Michal"]
[Result "0-1"]
[BlackElo "2546"]
[WhiteElo "1962"]
[LiveChessVersion "1.4.8"]

1. e4 {[%clk 0:15:18]} c6 {[%clk 0:15:19]} 2. d4 {[%clk 0:15:25]} d5
{[%clk 0:15:29]} 3. Nc3 {[%clk 0:15:34]} g6 {[%clk 0:15:38]} 4. Be3
{[%clk 0:15:40]} Bg7 {[%clk 0:15:21]} 5. f3 {[%clk 0:15:47]} Qb6 {[%clk 0:15:30]}
6. Qd2 {[%clk 0:15:51]} Qxb2 {[%clk 0:15:34]} 7. Rb1 {[%clk 0:16:01]} Qa3
{[%clk 0:15:43]} 8. h4 {[%clk 0:16:10]} h5 {[%clk 0:15:49]} 9. Nh3
{[%clk 0:16:18]} dxe4 {[%clk 0:15:45]} 10. fxe4 {[%clk 0:16:01]} Nf6
{[%clk 0:15:51]} 11. Bc4 {[%clk 0:15:33]} O-O {[%clk 0:15:59]} 12. O-O
{[%clk 0:14:58]} Bxh3 {[%clk 0:16:03]} 13. gxh3 {[%clk 0:15:03]} b5
{[%clk 0:16:09]} 14. Bb3 {[%clk 0:14:53]} e6 {[%clk 0:15:21]} 15. Bg5
{[%clk 0:13:54]} Nbd7 {[%clk 0:15:27]} 16. e5 {[%clk 0:13:50]} Nd5
{[%clk 0:15:25]} 17. Ne4 {[%clk 0:13:58]} c5 {[%clk 0:14:56]} 18. Nf6+
{[%clk 0:11:07]} N7xf6 {[%clk 0:14:44]} 19. exf6 {[%clk 0:11:10]} Nxf6
{[%clk 0:14:53]} 20. Bxf6 {[%clk 0:07:45]} c4 {[%clk 0:15:02]} 21. Qg5
{[%clk 0:07:36]} cxb3 {[%clk 0:14:31]} 22. axb3 {[%clk 0:06:31]} Qd6
{[%clk 0:13:46]} 23. Rf4 {[%clk 0:05:32]} Qd5 {[%clk 0:13:20]} 24. Bxg7
{[%clk 0:04:56]} Qxg5+ {[%clk 0:13:25]} 25. hxg5 {[%clk 0:05:05]} Kxg7
{[%clk 0:13:34]} 26. c4 {[%clk 0:03:35]} bxc4 {[%clk 0:13:40]} 27. bxc4
{[%clk 0:03:44]} a5 {[%clk 0:13:49]} 28. d5 {[%clk 0:03:25]} exd5
{[%clk 0:10:11]} 29. cxd5 {[%clk 0:03:33]} a4 {[%clk 0:09:10]} 30. Ra1
{[%clk 0:03:10]} a3 {[%clk 0:09:18]} 31. Rf3 {[%clk 0:03:15]} a2 {[%clk 0:09:13]}
32. Rf2 {[%clk 0:03:18]} Rfd8 {[%clk 0:07:47]} 33. Rfxa2 {[%clk 0:03:03]} Rxa2
{[%clk 0:07:56]} 34. Rxa2 {[%clk 0:03:12]} Rxd5 {[%clk 0:08:06]} 35. h4
{[%clk 0:03:21]} Rd4 {[%clk 0:08:15]} 36. Rh2 {[%clk 0:03:29]} Rg4+
{[%clk 0:08:17]} 37. Kf2 {[%clk 0:03:34]} Kf8 {[%clk 0:07:03]} 38. Kf3
{[%clk 0:03:43]} Ke7 {[%clk 0:07:11]} 39. Rh1 {[%clk 0:03:27]} Ke6
{[%clk 0:07:20]} 40. Rh2 {[%clk 0:03:02]} Kf5 {[%clk 0:07:29]} 41. Rh1
{[%clk 0:03:01]} Ra4 {[%clk 0:07:37]} 42. Ke3 {[%clk 0:00:45]} Kg4
{[%clk 0:07:41]} 43. Rh2 {[%clk 0:00:46]} Kg3 {[%clk 0:07:29]} 44. Rh1
{[%clk 0:00:53]} Rxh4 {[%clk 0:07:07]} 45. Rg1+ {[%clk 0:00:34]} Kh2
{[%clk 0:07:16]} 46. Rf1 {[%clk 0:00:43]} Rg4 {[%clk 0:07:25]} 47. Rf2+
{[%clk 0:00:23]} Rg2 {[%clk 0:07:26]} 0-1

[Event "Turniej Przyjazni Polsko-Wegierskiej"]
[Site "Katowice"]
[Date "2018.05.05"]
[Round "7.18"]
[White "Przybylski, Wojciech"]
[Black "Masternak, Aleksander"]
[Result "0-1"]
[BlackElo "2017"]
[WhiteElo "2326"]
[LiveChessVersion "1.4.8"]

1. e4 {[%clk 0:15:18]} e5 {[%clk 0:15:17]} 2. Nf3 {[%clk 0:15:25]} Nc6
{[%clk 0:15:25]} 3. d4 {[%clk 0:15:31]} exd4 {[%clk 0:15:29]} 4. Nxd4
{[%clk 0:15:37]} Nf6 {[%clk 0:15:30]} 5. Nxc6 {[%clk 0:15:38]} bxc6
{[%clk 0:15:38]} 6. e5 {[%clk 0:15:42]} Qe7 {[%clk 0:15:39]} 7. Qe2
{[%clk 0:15:49]} Nd5 {[%clk 0:15:42]} 8. h4 {[%clk 0:15:28]} h6 {[%clk 0:11:34]}
9. c4 {[%clk 0:14:11]} Ba6 {[%clk 0:11:32]} 10. Qe4 {[%clk 0:10:22]} Nf6
{[%clk 0:09:42]} 11. Qe2 {[%clk 0:08:47]} Nd5 {[%clk 0:09:45]} 12. Rh3
{[%clk 0:04:15]} Qb4+ {[%clk 0:06:50]} 13. Kd1 {[%clk 0:04:16]} Nb6
{[%clk 0:05:57]} 14. b3 {[%clk 0:04:02]} O-O-O {[%clk 0:05:11]} 15. Qg4
{[%clk 0:01:24]} Kb8 {[%clk 0:04:42]} 16. Nd2 {[%clk 0:00:30]} Qa5
{[%clk 0:03:48]} 17. Bb2 {[%clk 0:00:30]} Ba3 {[%clk 0:02:41]} 18. Bc3
{[%clk 0:00:31]} Bb4 {[%clk 0:02:46]} 19. Kc2 {[%clk 0:00:23]} Bxc3
{[%clk 0:02:47]} 20. Rxc3 {[%clk 0:00:32]} Qxe5 {[%clk 0:02:30]} 21. Nf3
{[%clk 0:00:20]} Qf6 {[%clk 0:02:18]} 22. Rd1 {[%clk 0:00:18]} c5
{[%clk 0:01:46]} 23. Re3 {[%clk 0:00:14]} d6 {[%clk 0:01:38]} 24. Bd3
{[%clk 0:00:14]} Bc8 {[%clk 0:01:39]} 25. Qe4 {[%clk 0:00:14]} Bb7
{[%clk 0:01:44]} 26. Qe7 {[%clk 0:00:19]} Qxe7 {[%clk 0:01:34]} 27. Rxe7
{[%clk 0:00:28]} Rhf8 {[%clk 0:01:40]} 28. Nd2 {[%clk 0:00:19]} Bc8
{[%clk 0:01:44]} 29. Re3 {[%clk 0:00:27]} Bd7 {[%clk 0:01:49]} 30. Rg3
{[%clk 0:00:30]} g6 {[%clk 0:01:53]} 31. Re3 {[%clk 0:00:13]} Bc6
{[%clk 0:01:42]} 32. g4 {[%clk 0:00:16]} Nd7 {[%clk 0:01:48]} 33. f4
{[%clk 0:00:19]} Rfe8 {[%clk 0:01:42]} 34. Rde1 {[%clk 0:00:27]} Nf6
{[%clk 0:01:51]} 35. g5 {[%clk 0:00:32]} hxg5 {[%clk 0:01:53]} 36. fxg5
{[%clk 0:00:36]} Ng4 {[%clk 0:02:01]} 37. Rxe8 {[%clk 0:00:14]} Rxe8
{[%clk 0:02:10]} 38. Rg1 {[%clk 0:00:12]} Ne5 {[%clk 0:02:14]} 39. Rf1
{[%clk 0:00:17]} Bd7 {[%clk 0:02:08]} 40. Be4 {[%clk 0:00:19]} Be6
{[%clk 0:02:08]} 41. Rf4 {[%clk 0:00:25]} c6 {[%clk 0:02:08]} 42. Bg2
{[%clk 0:00:20]} Kc7 {[%clk 0:02:15]} 43. Kc3 {[%clk 0:00:26]} d5
{[%clk 0:02:00]} 44. Bf1 {[%clk 0:00:21]} Kd6 {[%clk 0:01:58]} 45. Be2
{[%clk 0:00:30]} d4+ 46. Kb2 Bf5 {[%clk 0:02:01]} 47. b4 {[%clk 0:00:21]} cxb4
{[%clk 0:01:12]} 48. Rxd4+ {[%clk 0:00:29]} Kc7 {[%clk 0:01:21]} 49. Nb3 Nd7 50.
Bf3 {[%clk 0:00:21]} Re3 {[%clk 0:01:17]} 51. Bd1 c5 52. Rd2 Rh3 53. h5 gxh5 54.
Rf2 Bg6 55. Be2 Rg3 56. a3 bxa3+ 57. Ka2 h4 58. Bf1 Rc3 59. Bg2 {[%clk 0:00:11]}
Rc2+ 60. Rxc2 Bxc2 {[%clk 0:01:37]} 61. Nd2 {[%clk 0:00:27]} Ne5 {[%clk 0:01:35]}
62. Kxa3 Bf5 63. Kb3 h3 64. Bh1 Bd7 65. Ne4 Bc6 66. Kc3 Ng4 67. Kd2 Bxe4 68. Bxe4
Nf2 69. Bd5 h2 0-1

[Event "Turniej Przyjazni Polsko-Wegierskiej"]
[Site "Katowice"]
[Date "2018.05.05"]
[Round "7.19"]
[White "Krasenkova, Ilena"]
[Black "Bartel, Michal"]
[Result "0-1"]
[BlackElo "2320"]
[WhiteElo "2015"]
[LiveChessVersion "1.4.8"]

1. d4 {[%clk 0:15:18]} Nf6 {[%clk 0:15:18]} 2. c4 {[%clk 0:15:27]} c5
{[%clk 0:15:27]} 3. d5 {[%clk 0:15:36]} e6 {[%clk 0:15:36]} 4. Nc3
{[%clk 0:15:42]} exd5 {[%clk 0:15:45]} 5. cxd5 {[%clk 0:15:51]} d6
{[%clk 0:15:54]} 6. Nf3 {[%clk 0:15:55]} g6 {[%clk 0:16:02]} 7. Nd2
{[%clk 0:16:04]} Nbd7 {[%clk 0:16:11]} 8. Nc4 {[%clk 0:16:12]} Nb6
{[%clk 0:16:20]} 9. Ne3 {[%clk 0:16:21]} Bg7 {[%clk 0:16:26]} 10. a4
{[%clk 0:16:30]} Bd7 {[%clk 0:16:34]} 11. a5 {[%clk 0:16:39]} Nc8
{[%clk 0:16:43]} 12. Nc4 {[%clk 0:16:16]} a6 {[%clk 0:16:43]} 13. Bg5
{[%clk 0:15:46]} h6 {[%clk 0:16:46]} 14. Bf4 {[%clk 0:15:55]} Bb5
{[%clk 0:16:51]} 15. Qb3 {[%clk 0:15:02]} Bxc4 {[%clk 0:16:58]} 16. Qxc4
{[%clk 0:15:11]} O-O {[%clk 0:16:57]} 17. e4 {[%clk 0:14:29]} Re8
{[%clk 0:16:58]} 18. Be2 {[%clk 0:14:22]} b5 {[%clk 0:12:18]} 19. axb6
{[%clk 0:14:30]} Nxb6 {[%clk 0:12:27]} 20. Qd3 {[%clk 0:14:38]} c4
{[%clk 0:12:32]} 21. Qc2 {[%clk 0:14:47]} Qe7 {[%clk 0:11:49]} 22. f3
{[%clk 0:12:37]} Nfd7 {[%clk 0:11:25]} 23. Be3 {[%clk 0:12:39]} Bxc3+
{[%clk 0:10:26]} 24. Qxc3 {[%clk 0:12:34]} Nxd5 {[%clk 0:10:33]} 25. exd5
{[%clk 0:10:32]} Qxe3 {[%clk 0:10:41]} 26. Qxe3 {[%clk 0:10:41]} Rxe3
{[%clk 0:10:49]} 27. Kd2 {[%clk 0:10:40]} Rb3 {[%clk 0:10:51]} 28. Kc2
{[%clk 0:09:22]} Rb4 {[%clk 0:10:48]} 29. Ra5 {[%clk 0:09:05]} Rab8
{[%clk 0:10:48]} 30. Rb1 {[%clk 0:09:14]} Nc5 {[%clk 0:10:55]} 31. f4
{[%clk 0:05:41]} R8b6 {[%clk 0:11:03]} 32. f5 {[%clk 0:05:01]} gxf5
{[%clk 0:11:02]} 33. Ra3 {[%clk 0:05:09]} Na4 {[%clk 0:09:55]} 34. Ra2
{[%clk 0:04:27]} Kg7 {[%clk 0:09:47]} 35. g3 {[%clk 0:04:33]} Kf6
{[%clk 0:09:55]} 36. Bf1 {[%clk 0:03:41]} Nc5 {[%clk 0:09:32]} 37. Ra3
{[%clk 0:03:48]} Ke5 {[%clk 0:09:25]} 38. Bg2 {[%clk 0:03:56]} Kd4
{[%clk 0:08:58]} 39. Rf3 {[%clk 0:02:47]} Nd3 {[%clk 0:09:02]} 40. Bh3
{[%clk 0:01:29]} Rxb2+ {[%clk 0:09:08]} 41. Rxb2 {[%clk 0:01:39]} Rxb2+ 42. Kd1
{[%clk 0:01:48]} f4 {[%clk 0:09:23]} 43. Bf5 {[%clk 0:01:44]} Kc3
{[%clk 0:09:13]} 44. Bxd3 {[%clk 0:01:49]} cxd3 {[%clk 0:09:22]} 45. Ke1
{[%clk 0:01:55]} Rxh2 {[%clk 0:09:23]} 46. Rxf4 {[%clk 0:02:05]} d2+
{[%clk 0:09:31]} 0-1

[Event "Turniej Przyjazni Polsko-Wegierskiej"]
[Site "Katowice"]
[Date "2018.05.05"]
[Round "7.20"]
[White "Kokoszczynski, Jan"]
[Black "Kyc, Jerzy"]
[Result "0-1"]
[BlackElo "2267"]
[WhiteElo "2004"]
[LiveChessVersion "1.4.8"]

1. d4 {[%clk 0:15:19]} Nf6 {[%clk 0:15:20]} 2. Nf3 {[%clk 0:15:27]} g6
{[%clk 0:15:29]} 3. Bf4 {[%clk 0:15:35]} Bg7 {[%clk 0:15:38]} 4. e3
{[%clk 0:15:42]} O-O {[%clk 0:15:46]} 5. h3 {[%clk 0:15:45]} d5 {[%clk 0:15:55]}
6. Nbd2 {[%clk 0:15:46]} c5 {[%clk 0:15:54]} 7. c3 {[%clk 0:15:52]} Nc6
{[%clk 0:15:58]} 8. Bd3 {[%clk 0:14:48]} Nd7 {[%clk 0:16:03]} 9. O-O
{[%clk 0:14:45]} e5 {[%clk 0:16:01]} 10. dxe5 {[%clk 0:14:52]} Ndxe5
{[%clk 0:16:09]} 11. Be2 {[%clk 0:14:47]} Bf5 {[%clk 0:15:13]} 12. Nxe5
{[%clk 0:14:50]} Nxe5 {[%clk 0:15:21]} 13. Nf3 {[%clk 0:14:43]} Nc6
{[%clk 0:15:20]} 14. Qd2 {[%clk 0:12:00]} Qb6 {[%clk 0:15:08]} 15. Rfd1
{[%clk 0:11:08]} Rad8 {[%clk 0:15:04]} 16. Rac1 {[%clk 0:09:10]} d4
{[%clk 0:11:15]} 17. cxd4 {[%clk 0:09:18]} cxd4 {[%clk 0:11:23]} 18. exd4
{[%clk 0:07:43]} Nxd4 {[%clk 0:11:26]} 19. Nxd4 {[%clk 0:06:37]} Rxd4
{[%clk 0:10:34]} 20. Qe3 {[%clk 0:06:09]} Qxb2 {[%clk 0:10:39]} 21. Rxd4
{[%clk 0:05:17]} Bxd4 {[%clk 0:10:45]} 22. Qd2 {[%clk 0:05:25]} Qxd2 23. Bxd2
{[%clk 0:05:34]} Rc8 {[%clk 0:09:47]} 24. Rd1 {[%clk 0:02:35]} Kg7
{[%clk 0:09:28]} 25. Bf4 {[%clk 0:02:22]} Bf6 {[%clk 0:09:22]} 26. g4
{[%clk 0:02:16]} Be6 {[%clk 0:09:17]} 27. Bf3 {[%clk 0:01:57]} g5
{[%clk 0:07:18]} 28. Be3 {[%clk 0:01:38]} b6 {[%clk 0:06:22]} 29. a4
{[%clk 0:01:29]} Rc4 {[%clk 0:06:21]} 30. a5 {[%clk 0:00:59]} bxa5
{[%clk 0:06:29]} 31. Rd6 {[%clk 0:00:57]} Bc8 {[%clk 0:05:02]} 32. Bd5
{[%clk 0:00:25]} Rc7 {[%clk 0:05:01]} 33. Bb3 {[%clk 0:00:23]} Bd7
{[%clk 0:04:18]} 34. Ra6 {[%clk 0:00:24]} Bc3 {[%clk 0:02:32]} 35. Bxg5
{[%clk 0:00:22]} Bb5 {[%clk 0:02:28]} 36. Bh6+ {[%clk 0:00:26]} Kg8
{[%clk 0:02:30]} 37. Rd6 {[%clk 0:00:34]} Rd7 {[%clk 0:02:25]} 38. Bf4
{[%clk 0:00:20]} a4 {[%clk 0:02:17]} 39. Ba2 {[%clk 0:00:22]} Rxd6 40. Bxd6
{[%clk 0:00:31]} Bb2 {[%clk 0:01:50]} 41. f4 {[%clk 0:00:31]} Bd3
{[%clk 0:01:31]} 42. Kf2 {[%clk 0:00:31]} Bc2 {[%clk 0:01:40]} 43. Ke2
{[%clk 0:00:24]} Bb3 {[%clk 0:01:49]} 44. Bxb3 {[%clk 0:00:34]} axb3
{[%clk 0:01:58]} 45. Kd3 {[%clk 0:00:43]} a5 {[%clk 0:01:22]} 46. Kc4
{[%clk 0:00:27]} a4 {[%clk 0:01:31]} 47. f5 {[%clk 0:00:36]} Bf6 {[%clk 0:01:34]}
48. Kd3 {[%clk 0:00:43]} Bg7 {[%clk 0:01:24]} 49. h4 {[%clk 0:00:40]} Bf8
{[%clk 0:01:31]} 50. Be5 {[%clk 0:00:49]} Be7 {[%clk 0:00:52]} 51. g5
{[%clk 0:00:52]} a3 {[%clk 0:00:15]} 52. Kc3 {[%clk 0:00:46]} b2 {[%clk 0:00:17]}
53. Kc2 {[%clk 0:00:54]} h6 {[%clk 0:00:16]} 54. g6 {[%clk 0:00:14]} Bxh4
{[%clk 0:00:14]} 55. gxf7+ {[%clk 0:00:12]} Kxf7 {[%clk 0:00:22]} 56. Bxb2
{[%clk 0:00:16]} axb2 {[%clk 0:00:31]} 57. Kxb2 {[%clk 0:00:25]} Kf6
{[%clk 0:00:40]} 58. Kc3 {[%clk 0:00:35]} Kxf5 {[%clk 0:00:49]} 59. Kd3
{[%clk 0:00:45]} Kf4 {[%clk 0:00:49]} 0-1

[Event "Turniej Przyjazni Polsko-Wegierskiej"]
[Site "Katowice"]
[Date "2018.05.05"]
[Round "8.1"]
[White "Hnydiuk, Aleksander"]
[Black "Teclaf, Pawel"]
[Result "1/2-1/2"]
[BlackElo "2241"]
[WhiteElo "2408"]
[LiveChessVersion "1.4.8"]

1. Nf3 {[%clk 0:15:14]} Nf6 {[%clk 0:15:10]} 2. c4 {[%clk 0:15:23]} c5
{[%clk 0:14:35]} 3. g3 {[%clk 0:15:30]} b6 {[%clk 0:14:44]} 4. Bg2
{[%clk 0:15:39]} Bb7 {[%clk 0:14:53]} 5. O-O {[%clk 0:15:47]} e6 {[%clk 0:15:02]}
6. Nc3 {[%clk 0:15:40]} a6 {[%clk 0:14:52]} 7. d4 {[%clk 0:15:40]} cxd4
{[%clk 0:14:59]} 8. Qxd4 {[%clk 0:15:49]} d6 {[%clk 0:14:20]} 9. Bg5
{[%clk 0:15:46]} Be7 {[%clk 0:14:28]} 10. Bxf6 {[%clk 0:15:35]} Bxf6
{[%clk 0:14:36]} 11. Qf4 {[%clk 0:15:49]} Be7 12. Rfd1 Ra7 {[%clk 0:09:37]} 13.
Ne4 {[%clk 0:15:31]} Bxe4 {[%clk 0:09:32]} 14. Qxe4 {[%clk 0:15:39]} Rc7
{[%clk 0:09:26]} 15. b3 {[%clk 0:14:57]} Nc6 {[%clk 0:09:02]} 16. Rac1
{[%clk 0:14:09]} O-O {[%clk 0:09:04]} 17. Rc2 {[%clk 0:08:00]} 1/2-1/2

[Event "Turniej Przyjazni Polsko-Wegierskiej"]
[Site "Katowice"]
[Date "2018.05.05"]
[Round "8.2"]
[White "Piorun, Kacper"]
[Black "Socko, Monika"]
[Result "1-0"]
[BlackElo "2360"]
[WhiteElo "2639"]
[LiveChessVersion "1.4.8"]

1. e4 {[%clk 0:15:17]} e6 {[%clk 0:15:19]} 2. d4 {[%clk 0:15:24]} d5
{[%clk 0:15:28]} 3. e5 {[%clk 0:15:32]} c5 {[%clk 0:15:36]} 4. c3
{[%clk 0:15:42]} Qb6 {[%clk 0:15:44]} 5. Nf3 {[%clk 0:15:48]} Nc6
{[%clk 0:15:53]} 6. a3 {[%clk 0:15:57]} c4 {[%clk 0:16:01]} 7. Nbd2
{[%clk 0:16:04]} Na5 {[%clk 0:16:05]} 8. g3 {[%clk 0:16:03]} Bd7 {[%clk 0:16:13]}
9. Bg2 {[%clk 0:16:08]} Ne7 {[%clk 0:16:15]} 10. O-O {[%clk 0:16:15]} Qc7
{[%clk 0:16:15]} 11. Re1 {[%clk 0:15:59]} Nc8 {[%clk 0:16:22]} 12. Rb1
{[%clk 0:16:00]} Nb6 {[%clk 0:16:25]} 13. Nf1 {[%clk 0:16:08]} h6
{[%clk 0:16:16]} 14. h4 {[%clk 0:16:13]} O-O-O {[%clk 0:16:13]} 15. h5
{[%clk 0:15:50]} Be7 {[%clk 0:15:39]} 16. N3h2 {[%clk 0:15:55]} g5
{[%clk 0:15:05]} 17. Ng4 {[%clk 0:15:14]} Rdf8 {[%clk 0:15:03]} 18. Nfh2
{[%clk 0:14:54]} Qd8 19. Kh1 Kb8 {[%clk 0:12:55]} 20. Be3 {[%clk 0:14:21]} Ba4
{[%clk 0:12:34]} 21. Qe2 {[%clk 0:14:08]} Nd7 {[%clk 0:12:42]} 22. f4
{[%clk 0:12:36]} Ka8 {[%clk 0:12:17]} 23. Rf1 {[%clk 0:12:33]} f5
{[%clk 0:11:22]} 24. exf6 {[%clk 0:12:39]} Nxf6 {[%clk 0:11:31]} 25. Nxf6
{[%clk 0:12:26]} Bxf6 {[%clk 0:11:39]} 26. f5 {[%clk 0:12:10]} exf5
{[%clk 0:10:07]} 27. Rxf5 {[%clk 0:12:17]} Bc6 {[%clk 0:10:16]} 28. Rbf1
{[%clk 0:10:17]} Bg7 {[%clk 0:10:24]} 29. Ng4 {[%clk 0:09:38]} Rxf5
{[%clk 0:09:42]} 30. Rxf5 {[%clk 0:09:46]} Rf8 {[%clk 0:09:50]} 31. Qf3
{[%clk 0:09:10]} Rxf5 {[%clk 0:07:36]} 32. Qxf5 {[%clk 0:09:19]} Nb3
{[%clk 0:07:44]} 33. Qf7 {[%clk 0:08:21]} Qf8 {[%clk 0:07:05]} 34. Qxf8+
{[%clk 0:08:15]} Bxf8 {[%clk 0:07:14]} 35. Nf6 {[%clk 0:08:24]} b5
{[%clk 0:06:57]} 36. Nxd5 {[%clk 0:07:45]} Kb7 {[%clk 0:07:03]} 37. Kg1
{[%clk 0:06:15]} a5 {[%clk 0:07:02]} 38. Kf2 {[%clk 0:06:21]} Na1
{[%clk 0:06:42]} 39. Bf3 {[%clk 0:06:01]} Nc2 {[%clk 0:06:02]} 40. Bc1
{[%clk 0:04:52]} Bg7 {[%clk 0:05:18]} 41. Bd2 {[%clk 0:04:42]} b4
{[%clk 0:04:32]} 42. axb4 {[%clk 0:04:35]} axb4 {[%clk 0:04:41]} 43. Ne7
{[%clk 0:03:30]} Bxf3 {[%clk 0:04:50]} 44. Kxf3 {[%clk 0:03:38]} Kb6
{[%clk 0:03:25]} 45. Ke4 {[%clk 0:03:15]} Kb5 {[%clk 0:03:21]} 46. Nf5
{[%clk 0:02:37]} Bf8 {[%clk 0:03:29]} 47. d5 {[%clk 0:02:42]} b3 {[%clk 0:03:06]}
48. d6 {[%clk 0:02:08]} Kc6 {[%clk 0:03:15]} 49. Ke5 {[%clk 0:02:17]} Kd7
{[%clk 0:03:23]} 50. Kd5 {[%clk 0:02:24]} Na3 {[%clk 0:03:28]} 51. g4
{[%clk 0:01:51]} Nb1 {[%clk 0:03:15]} 52. Bc1 {[%clk 0:01:49]} Kd8
{[%clk 0:02:07]} 53. Kxc4 {[%clk 0:01:41]} 1-0